| 000 -LEADER |
| fixed length control field |
02027cam a2200433Ia 4500 |
| 001 - CONTROL NUMBER |
| control field |
1006090922 |
| 003 - CONTROL NUMBER IDENTIFIER |
| control field |
OSt |
| 005 - DATE AND TIME OF LATEST TRANSACTION |
| control field |
20190816084619.0 |
| 007 - PHYSICAL DESCRIPTION FIXED FIELD--GENERAL INFORMATION |
| fixed length control field |
cr |n||||||||| |
| 008 - FIXED-LENGTH DATA ELEMENTS--GENERAL INFORMATION |
| fixed length control field |
171013s2017 nyu o 000 0 eng d |
| 020 ## - INTERNATIONAL STANDARD BOOK NUMBER |
| International Standard Book Number |
9781615194216 |
| 035 ## - SYSTEM CONTROL NUMBER |
| System control number |
(OCoLC)1006090922 |
| Canceled/invalid control number |
(OCoLC)1005872463 |
| 040 ## - CATALOGING SOURCE |
| Original cataloging agency |
IDEBK |
| Language of cataloging |
eng |
| Transcribing agency |
IDEBK |
| Modifying agency |
YDX |
| -- |
EBLCP |
| -- |
TEFOD |
| -- |
RECBK |
| -- |
TEFOD |
| -- |
OCLCF |
| -- |
OCLCQ |
| 041 1# - LANGUAGE CODE |
| Language code of text/sound track or separate title |
eng |
| Language code of original |
jpn |
| 049 ## - LOCAL HOLDINGS (OCLC) |
| Holding library |
BNYC |
| 082 04 - DEWEY DECIMAL CLASSIFICATION NUMBER |
| Classification number |
793.74 INA |
| Edition number |
23 |
| 091 ## - MICROFILM SHELF LOCATION (AM) [OBSOLETE] |
| Microfilm shelf location |
eNYPL Book |
| 100 1# - MAIN ENTRY--PERSONAL NAME |
| Personal name |
Inaba, Naoki. |
| 240 10 - UNIFORM TITLE |
| Uniform title |
Menseki meiro. |
| Language of a work |
English. |
| 245 14 - TITLE STATEMENT |
| Title |
The original area mazes : |
| Remainder of title |
100 addictive puzzles to solve with simple math--and clever logic! / |
| Statement of responsibility, etc. |
by Naoki Inaba and Ryoichi Murakami ; introduced by Alex Bellos. |
| 260 ## - PUBLICATION, DISTRIBUTION, ETC. |
| Place of publication, distribution, etc. |
New York : |
| Name of publisher, distributor, etc. |
The Experiment, |
| Date of publication, distribution, etc. |
2017. |
| 300 ## - PHYSICAL DESCRIPTION |
| Extent |
156 p. ; |
| Other physical details |
ill. : |
| Dimensions |
18 cm. |
| 336 ## - CONTENT TYPE |
| Content type term |
text |
| Content type code |
txt |
| Source |
rdacontent. |
| 337 ## - MEDIA TYPE |
| Media type term |
computer |
| Media type code |
c |
| Source |
rdamedia. |
| 338 ## - CARRIER TYPE |
| Carrier type term |
online resource |
| Carrier type code |
cr |
| Source |
rdacarrier. |
| 500 ## - GENERAL NOTE |
| General note |
Originally published: Tokya, Japan : Gakken Pub., 2011. |
| 520 ## - SUMMARY, ETC. |
| Summary, etc. |
It's the best kind of puzzle: The rules are simple--but getting the answer can take all your creativity. Your quest is to navigate a network of rectangles to find a missing value, using just a few ""givens."" No complex math is required! Just remember: To find an area, multiply the lengths of the sides. The inventor of area mazes, master puzzlemaker Naobi Inaba, has selected 100 of his best mazes and organized them into five levels of difficulty. Try area mazes for yourself--you'll be hooked in no time! |
| 588 0# - SOURCE OF DESCRIPTION NOTE |
| Source of description note |
Online resource; title from READ title page (OverDrive, viewed October 24, 2017). |
| 650 #0 - SUBJECT ADDED ENTRY--TOPICAL TERM |
| Topical term or geographic name entry element |
Maze puzzles. |
| 650 #0 - SUBJECT ADDED ENTRY--TOPICAL TERM |
| Topical term or geographic name entry element |
Area measurement. |
| 650 #7 - SUBJECT ADDED ENTRY--TOPICAL TERM |
| Topical term or geographic name entry element |
GAMES & ACTIVITIES / Logic & Brain Teasers. |
| Source of heading or term |
bisacsh. |
| 650 #7 - SUBJECT ADDED ENTRY--TOPICAL TERM |
| Topical term or geographic name entry element |
Area measurement. |
| Source of heading or term |
fast |
| Authority record control number or standard number |
(OCoLC)fst00814182. |
| 650 #7 - SUBJECT ADDED ENTRY--TOPICAL TERM |
| Topical term or geographic name entry element |
Maze puzzles. |
| Source of heading or term |
fast |
| Authority record control number or standard number |
(OCoLC)fst01012940. |
| 700 1# - ADDED ENTRY--PERSONAL NAME |
| Personal name |
Murakami, Ryoichi. |
| 700 1# - ADDED ENTRY--PERSONAL NAME |
| Personal name |
Bellos, Alex, |
| Dates associated with a name |
1969- |
| 901 ## - LOCAL DATA ELEMENT A, LDA (RLIN) |
| a |
OCLC |
| 908 #4 - PUT COMMAND PARAMETER (RLIN) |
| Put command parameter |
GV1507.M3 |
| 942 ## - ADDED ENTRY ELEMENTS (KOHA) |
| Source of classification or shelving scheme |
|
| Koha item type |
Books - Non Ficton |